Numerical solution of partial differential equations /

Guardado en:
Autor Principal: Meis, Theodor.
Otros Autores: Marcowitz, Ulrich.
Formato: Libro
Idioma:English
German
Publicado: New York : Springer-Verlag, c1981.
Series:Applied mathematical sciences (Springer-Verlag New York Inc.) ; v. 32.
Materias:
Etiquetas: Agregar Etiqueta
Sin Etiquetas, Sea el primero en etiquetar este registro!
LEADER 01223cam a2200289 a 4500
001 MAT.inmabb002697
008 801027s1981####nyua#####b####001#0#eng##
005 20130325234435.0
245 1 0 |a Numerical solution of partial differential equations /  |c Theodor Meis, Ulrich Marcowitz ; [translated by Peter R. Wadsack]. 
260 |a New York :  |b Springer-Verlag,  |c c1981. 
300 |a viii, 541 p. :  |b il. ;  |c 24 cm. 
490 1 |a Applied mathematical sciences ;  |v v. 32 
500 |a Traducción de: Numerische Behandlung partieller Differentialgleichungen. Heidelberg : Spinger-Verlag, c1978. 
504 |a Bibliografía: p. 532-537. 
500 |a Incluye apéndices con programas en FORTRAN. 
510 4 |a MR,  |c 84g:65002 
020 |a 0387905502 (pbk.) 
100 1 |a Meis, Theodor. 
240 1 0 |a Numerische Behandlung partieller Differentialgleichungen.  |l Inglés 
700 1 |a Marcowitz, Ulrich. 
830 0 |a Applied mathematical sciences (Springer-Verlag New York Inc.) ;  |v v. 32. 
650 0 |a Differential equations, Partial  |x Numerical solutions. 
084 |a 65-01 (35-01 65Fxx 65Mxx 65Nxx)  |2 msc2000 
010 |a  80026520  
040 |a DLC  |c DLC  |d DLC 
041 1 |a eng  |h ger 
859 |h 65  |i M515  |p A-5134  |b BIB. MATEMATICA